東京23区の公園 広さランキング - Statistics

General Stats
  • This quiz has been taken 218 times
  • The average score is 6 of 20
Answer Stats
順位 公園 所在地 面積 % Correct
5位 代々木公園 渋谷区 54.4ha
70%
2位 葛西臨海公園 江戸川区 77.8ha
63%
6位 上野恩賜公園 台東区 53.9ha
60%
3位 舎人公園 足立区 65.0ha
44%
20位 日比谷公園 千代田区 16.2ha
38%
8位 駒沢オリンピック公園 世田谷区 41.4ha
36%
9位 砧公園 世田谷区 39.2ha
36%
16位 石神井公園 練馬区 22.6ha
36%
1位 水元公園 葛飾区(・三郷市) 96.7ha
34%
4位 光が丘公園 練馬区・板橋区 60.8ha
31%
15位 木場公園 江東区 23.9ha
23%
7位 夢の島公園 江東区 43.4ha
19%
17位 北の丸公園 千代田区 19.3ha
14%
11位 城北中央公園 板橋区・練馬区 25.9ha
12%
10位 篠崎公園 江戸川区 31.3ha
10%
12位 和田堀公園 杉並区 26.3ha
10%
14位 大島小松川公園 江東区・江戸川区 24.9ha
10%
19位 戸山公園 新宿区 18.6ha
8%
13位 赤塚公園 板橋区 25.5ha
7%
18位 城南島海浜公園 大田区 19.0ha
4%
No matching quizzes found
Score Distribution
Percent of People with Each Score
Percentile by Number Answered
Your Score History
You have not taken this quiz